Nationwide monthly house price review (Record no. 105417)

MARC details
000 -LEADER
fixed length control field 01138cam a2200217 4500
001 - CONTROL NUMBER
control field ##L133550
008 - FIXED-LENGTH DATA ELEMENTS--GENERAL INFORMATION
fixed length control field 060518n2006 000 0 eng u
035 ## - SYSTEM CONTROL NUMBER
System control number (Sirsi) u133550
041 0# - LANGUAGE CODE
Language code of text/sound track or separate title eng
050 04 - LIBRARY OF CONGRESS CALL NUMBER
Classification number 333.33 $2 18
110 #2 - MAIN ENTRY--CORPORATE NAME
Corporate name or jurisdiction name as entry element Nationwide Building Society
9 (RLIN) 1019
245 00 - TITLE STATEMENT
Title Nationwide monthly house price review
Remainder of title April 2006
260 ## - PUBLICATION, DISTRIBUTION, ETC.
Place of publication, distribution, etc. London
Name of publisher, distributor, etc. Nationwide
Date of publication, distribution, etc. 2006
490 #0 - SERIES STATEMENT
Series statement Nationwide Monthly House Price Review
520 ## - SUMMARY, ETC.
Summary, etc. The rate of growth of house prices cooled sharply in April increasing by only 0.1%, down from 1.1% in March. The annual rate of house price growth fell back to 4.8% in April compared with 5.3% in March. The price of a typical UK house is now £163 573, £7 500 more than a year ago. Demand remains fairly resilient but housing market activity is likely to fall towards its long-term trend.
650 24 - SUBJECT ADDED ENTRY--TOPICAL TERM
Topical term or geographic name entry element NATIONWIDE MONTHLY HOUSE PRICE REVIEW
651 #4 - SUBJECT ADDED ENTRY--GEOGRAPHIC NAME
Geographic name United Kingdom
Chronological subdivision
690 ## - LOCAL SUBJECT ADDED ENTRY--TOPICAL TERM (OCLC, RLIN)
Topical term or geographic name as entry element PROPERTY-RESIDENTIAL PROPERTY-RESIDENTIAL PROPERTY MARKET
856 40 - ELECTRONIC LOCATION AND ACCESS
Uniform Resource Identifier <a href="https://www.nationwide.co.uk/hpi/">https://www.nationwide.co.uk/hpi/</a>
Public note View the monthly house price review free of charge at www.nationwide.co.uk...
942 ## - ADDED ENTRY ELEMENTS (KOHA)
Suppress in OPAC 0
Holdings
Withdrawn status Lost status Source of classification or shelving scheme Damaged status Not for loan Home library Current library Shelving location Date acquired Total Checkouts Full call number Barcode Date last seen Copy number Price effective from Koha item type
    Dewey Decimal Classification     Virtual Virtual Online 18/05/2006   ONLINE PUBLICATION 133550-2001 06/08/2019 1 06/08/2019 Book